02215cam a22003615i 4500999001700000001000900017003000900026005001700035008004100052020002500093035002400118040007400142082001700216100003000233245010200263250001900365264004000384300005100424336002600475337002800501338002700529500004600556500002300602504005100625520085700676650004001533650005401573653002701627655001701654700002701671942001201698952014301710 c27828d2779915565092EG-ScBUE20191209135958.0081222s2008 enkab f bd 001 0 eng d a9780340971611 (pbk.) a(OCoLC)ocn231580503 aUKMbengerdacUKMdBTCTAdBAKERdYDXCPdC#PdBWXdBWKdDLCdEG-ScBUE04a427bTRU2221 aTrudgill, Peter,eauthor.10aInternational English :ba guide to varieties of standard English /cPeter Trudgill, Jean Hannah. aFifth edition. 1aLondon : bHodder Education,c2008. axiv, 160 pages :billustrations, maps ;c24 cm atextbtxt2rdacontent aunmediatedbn2rdamedia avolumebnc2rdacarrier aFirst published in Great Britain in 1982. aIncludes glossary. aIncludes bibliographical references and index. a"From Scotland to Singapore, Canada to the Channel Islands, Namibia to New Zealand and beyond, International English takes you on a journey through the varieties of Standard English spoken around the world. Comparisons across the varieties provide a comprehensive guide to differences in phonetics, phonology, grammar and vocabulary, providing a useful resource for teachers of English as a foreign language and linguistics students alike." "In this fifth edition the authors have added a new discussion of what Standard English really is, as well as an outline of typologies of varieties of English including ELF 'English as a lingua franca'. This new material will be of particular interest to teachers and advanced learners of English as a foreign or second language as well as students of sociolinguistics, English language and language variation." 7aEnglish languagexVariation.2BUEsh 7aEnglish languagezForeign countries.2BUEsh93197 bHHUUEENNcNovember2019 vReading book1 aHannah, Jean,eauthor. 2ddccBB 00102ddc40708BaccahaMAINbMAINc2NDd2019-11-24ePurchaseg192.00l0o427 TRUp000048308r2025-07-15 00:00:00v240.00w2019-11-24yBB